A field guide to the frogs of Borneo

Bibliographic Details
Main Author: INGER
Other Authors: Stuebing
Format: Book
Published: Kota Kinabalu, Sabah : Natural History Pub. , 1997
Subjects:

MARC

LEADER 00000cam a2200000 7i4500
001 0000001989
005 20020730.0
020 0 0 |a 9838120162 
090 0 0 |a 597.8095983   |b ING 1997 
100 1 0 |a INGER   |h Robert F. 
245 1 2 |a A field guide to the frogs of Borneo   |c Robert F.Inger & Robert B. Stuebing 
260 0 0 |a Kota Kinabalu, Sabah :   |b Natural History Pub. ,   |c 1997 
300 |a ix, 205 p. :   |b col. ill. ;   |c 22 cm. 
500 0 0 |a Includes bibliography : p. 197 and index 
650 0 0 |a Frogs   |x Habitat 
650 0 0 |a Frogs   |x Speciation 
650 0 0 |a Frogs   |z Borneo 
700 0 1 |a Stuebing   |h Robert B. 
998 |a JPSM 
999 |a 0000003336   |b Monograph   |c Open Shelf   |e Default branch